书目信息 |
| 题名: |
气相色谱法
|
|
| 作者: | 金鑫荣编 | |
| 分册: | ||
| 出版信息: | 北京 高等教育出版社 1987.04 |
|
| 页数: | 348页 | |
| 开本: | 32开 | |
| 丛书名: | ||
| 单 册: | ||
| 中图分类: | O658.1-42 | |
| 科图分类: | ||
| 主题词: | ||
| 电子资源: | ||
| ISBN: | ||
| 000 | 00454nam0 2200157 45 | |
| 001 | 0199002144 | |
| 005 | 20141015152022.16 | |
| 010 | @d2.35元 | |
| 100 | @a19990804d km y0chiy0120 ea | |
| 101 | 0 | @achi |
| 200 | 1 | @AQI XIANG SE PU FA@FJIN XIN RONG BIAN@a气相色谱法@f金鑫荣编 |
| 210 | @a北京@c高等教育出版社@d1987.04 | |
| 215 | @a348页@c无图表@d32开 | |
| 690 | @aO658.1-42 | |
| 801 | 0 | @aCN@b大连网信软件有限公司图书馆·11@c20141015 |
| 905 | @dO658.1-42@eJ815@f2 | |
| 气相色谱法/金鑫荣编.-北京:高等教育出版社,1987.04 |
| 348页:无图表;32开 |
| ISBN :2.35元 |
| ● |
| 相关链接 |
|
|
|
正题名:气相色谱法
索取号:O658.1-42/J815
 
预约/预借
| 序号 | 登录号 | 条形码 | 馆藏地/架位号 | 状态 | 备注 |
| 1 | 1137 | 200069399 | 自科库401/ [索取号:O658.1-42/J815] | 在馆 | |
| 2 | 1138 | 200194690 | 社科二线400B/400B社科库 31排1列1层/ [索取号:O658.1-42/J815] | 在馆 | |
| 3 | 494617 | 204946176 | 自科库401/401自科库 66排2列4层/ [索取号:O658.1-42/J815] | 在馆 |